Espanhóis no sul do Brasil: diversidade e identidade /

Guardado en:
Bibliografiske detaljer
Hovedforfatter: Weber, Regina
Format: Bog
Sprog:Portuguese
Tags: Tilføj Tag
Ingen Tags, Vær først til at tagge denne postø!

MARC

LEADER 00000nam a22000007a 4500
003 cru CIDCACS/IIS
005 20200925161154.0
007 ta
008 161201s2012 bl ||||| |||| 00| 0 por d
040 |c CRAI/IIS  |a CRAI/IIS 
100 1 |9 707  |a Weber, Regina 
245 1 |a Espanhóis no sul do Brasil:  |b diversidade e identidade /  |c Regina Weber 
300 |a páginas 137-157 
773 0 |0 18782  |9 195  |a Universidade Federal Do Paraná.  |d Curitiba Paraná, Brasil: Editora da UFPR,  |o R15203  |t História:  |x 01006932 
942 |2 ddc  |c PP 
999 |c 18791  |d 18791